Fr. Conceicao Rodrigues College of Engineering

Jigs and fixtures:Non standard clamping devices (Record no. 32456)

MARC details
000 -LEADER
fixed length control field 00334nam a2200145Ia 4500
082 ## - DEWEY DECIMAL CLASSIFICATION NUMBER
Item number GRA
100 ## - MAIN ENTRY--PERSONAL NAME
Personal name Grant/Hiram E
245 ## - TITLE STATEMENT
Title Jigs and fixtures:Non standard clamping devices
260 ## - PUBLICATION, DISTRIBUTION, ETC.
Name of publisher, distributor, etc. Tata Mc Graw hill Ltd.
Date of publication, distribution, etc. 1967
366 ## - TRADE AVAILABILITY INFORMATION
Publishers's discount category 17.5
546 ## - LANGUAGE NOTE
Language note ENGLISH
650 ## - SUBJECT ADDED ENTRY--TOPICAL TERM
Topical term or geographic name entry element Jigs and fixtures
654 ## - SUBJECT ADDED ENTRY--FACETED TOPICAL TERMS
Focus term jigs
942 ## - ADDED ENTRY ELEMENTS (KOHA)
Koha item type BOOK
Holdings
Withdrawn status Lost status Damaged status Not for loan Collection Home library Current library Date acquired Source of acquisition Cost, normal purchase price Inventory number Total Checkouts Full call number Barcode Date last seen Cost, replacement price Price effective from Koha item type
        CRC Fr. Agnel's C.Rodrigues College of Engineering Fr. Agnel's C.Rodrigues College of Engineering 17/03/2023 Educational books and periodicals 350.63 290 dt 24/06/2009   GRA 19730 17/03/2023 425.00   BOOK
        CRC Fr. Agnel's C.Rodrigues College of Engineering Fr. Agnel's C.Rodrigues College of Engineering 17/03/2023 Educational books and periodicals 350.63 290 dt 24/06/2009   GRA 19731 17/03/2023 425.00   BOOK
        CRC Fr. Agnel's C.Rodrigues College of Engineering Fr. Agnel's C.Rodrigues College of Engineering 17/03/2023 Educational books and periodicals 350.63 290 dt 24/06/2009   GRA 19732 17/03/2023 425.00   BOOK